Nový Orient populárně vědecký měsíčník Orientálního ústavu AV ČR
| Format: | Journal |
|---|---|
| Language: | Czech |
| PhysicalDescription: | zv. 21-30 cm |
| Published: |
Praha
PV-Tisk
1945-
Praha Nakladatelství ČSAV Praha Academia Praha Vesmír Praha Irma Praha Orientální ústav Akademie věd České republiky |
| ISSN: | 0029-5302 |
| Subjects: |
MARC
| LEADER | 00000cas a2200000 a 4500 | ||
|---|---|---|---|
| 001 | vtls008880279 | ||
| 003 | SK-MaSNL | ||
| 005 | 20260228162252.0 | ||
| 008 | 990528c19459999xr qr p 0 0 b0cze c | ||
| 022 | |a 0029-5302 | ||
| 035 | |a (SVKBB03)vtls000031133 | ||
| 040 | |a SVKBB |b slo |c SVKBB |d SAVUK |d SNK |e AACR2 | ||
| 041 | 0 | |a cze | |
| 043 | |a aw----- | ||
| 044 | |a xr |c CZ | ||
| 072 | 7 | |a 93/94 |x Dejiny (všeobecne) |2 konspekt | |
| 072 | 7 | |a 80 |x Filológia |2 konspekt | |
| 080 | |a 80(5/6)+908(5/6) |2 2011 | ||
| 080 | |a 93/94 |2 2011 | ||
| 080 | |a 050 |2 2011 | ||
| 080 | |a (5-15) |2 2011 | ||
| 080 | |a (051)-027.561 |2 2011 | ||
| 210 | 0 | |a Nový Orient | |
| 222 | 0 | |a Nový Orient | |
| 245 | 0 | 0 | |a Nový Orient |b populárně vědecký měsíčník Orientálního ústavu AV ČR |
| 246 | 3 | |a Orient | |
| 260 | |a Praha |b PV-Tisk |c 1945- | ||
| 260 | 2 | |3 [1949-1965] |a Praha |b Nakladatelství ČSAV | |
| 260 | 2 | |3 1966-1992 |a Praha |b Academia | |
| 260 | 2 | |3 1993 |a Praha |b Vesmír | |
| 260 | 2 | |3 1994 |a Praha |b Irma | |
| 260 | 3 | |3 [1995]- |a Praha |b Orientální ústav Akademie věd České republiky | |
| 300 | |a zv. |c 21-30 cm | ||
| 310 | |a 3x ročně |b 2019- | ||
| 321 | |a 10x ročne |b 1946-2003 | ||
| 321 | |a 4x ročne |b 2004-2018 | ||
| 362 | 0 | |a Roč. 1, č. 1 (1945/46)- | |
| 500 | |a Formát 25 cm, v r. 2003 - 21 cm, od r. 2004 - 30 cm | ||
| 500 | |a Pôvodný podnázov: časopis Společnosti pro kulturní styky s Orientem | ||
| 500 | |a Podnázov do r. 1990: kulturně politický měsíčník Orientálního ústavu ČSAV | ||
| 500 | |a Podnázov od r. 2004: vědeckopopulární čtvrtletník Orientálního ústavu AV ČR | ||
| 500 | |a Podnázov od č. 3/2007: odborný čtvrtletník Orientálního ústavu AV ČR | ||
| 500 | |a Podnázov od roku 2019: odborný časopis Orientálního ústavu AV ČR | ||
| 504 | |a Bibliografické odkazy. ; Pozn. | ||
| 650 | 0 | 7 | |a orientalistika |2 SNKPH |9 69187 |
| 650 | 0 | 7 | |a dejiny |2 SNKPH |9 3825 |
| 651 | 7 | |a Blízky východ |2 SNKPHgeo |9 60147 | |
| 655 | 7 | |a odborné časopisy |2 SNKPH |9 70505 | |
| 710 | 2 | |a Československá akademie věd. |b Orientální ústav |4 pbl |9 227425 | |
| 710 | 2 | |a Akademie věd České republiky. |b Orientální ústav |4 pbl |9 227424 | |
| 770 | 0 | |t New Orient |x 0548-6408 | |
| 852 | |a Štátna vedecká knižnica v Banskej Bystrici | ||
| 910 | |a savuk | ||
| 910 | |a snk | ||
| 999 | |c 7355 |d 9285 | ||
| 952 | |0 0 |1 1 |4 0 |7 0 |a SNK |b SNK |d 2001-03-06 |l 0 |o snkČB 400/31/1976 |p 17A0267681 |r 2005-01-02 00:00:00 |t č. 1-10 |w 2026-02-21 |y PREZ | ||
| 952 | |0 0 |1 1 |4 0 |7 0 |a SNK |b SNK |d 2003-03-10 |l 0 |o snkČB 400/48/1993 |p 17A0376766 |r 2005-01-02 00:00:00 |t č. 1-4 |w 2026-02-21 |y PREZ | ||
| 952 | |0 0 |1 1 |4 0 |7 0 |a SNK |b SNK |d 2003-03-10 |l 0 |o snkČB 400/14/1959 |p 17A0376756 |r 2005-01-02 00:00:00 |t č. 1-10 |w 2026-02-21 |y PREZ | ||
| 952 | |0 0 |1 1 |4 0 |7 0 |a SNK |b SNK |d 2012-01-26 |i snkČIP 836/79 |l 0 |o snkČB 400/33/1978 |p 17A0762607 |r 2026-02-21 20:29:55 |t č. 1-10 |w 2026-02-21 |y PREZ | ||
| 952 | |0 0 |1 1 |4 0 |7 0 |a SNK |b SNK |d 2002-03-08 |l 0 |o snkČB 400/34/1979 |p 17A0335186 |r 2005-01-02 00:00:00 |t č. 1-10 |w 2026-02-21 |y PREZ | ||
| 952 | |0 0 |1 1 |4 0 |7 0 |a SNK |b SNK |d 2001-03-06 |l 0 |o snkČB 400/30/1975 |p 17A0267680 |r 2005-01-02 00:00:00 |t č. 1-10 |w 2026-02-21 |y PREZ | ||
| 952 | |0 0 |1 1 |4 0 |7 0 |a SNK |b SNK |d 2002-03-15 |l 0 |o snkČB 400/4/1948-1949 |p 17A0337121 |r 2005-01-02 00:00:00 |t č. 1-10 |w 2026-02-21 |y PREZ | ||
| 952 | |0 0 |1 1 |4 0 |7 0 |a SNK |b SNK |d 2003-02-20 |l 0 |o snkČB 400/1/1945-1946 |p 17A0373770 |r 2005-01-02 00:00:00 |t č. 1-10 |w 2026-02-21 |y PREZ | ||
| 952 | |0 0 |1 1 |4 0 |7 0 |a SNK |b SNK |d 2003-02-28 |l 0 |o snkČB 400/17/1962 |p 17A0376061 |r 2005-01-02 00:00:00 |t č. 1-10 |w 2026-02-21 |y PREZ | ||
| 952 | |0 0 |1 1 |4 0 |7 0 |a SNK |b SNK |d 2003-03-10 |l 0 |o snkČB 400/2/1946-1947 |p 17A0376846 |r 2005-01-02 00:00:00 |t č. 1-10 |w 2026-02-21 |y PREZ | ||
| 952 | |0 0 |1 1 |4 0 |7 0 |a SNK |b SNK |d 2003-03-10 |l 0 |o snkČB 400/3/1947-1948 |p 17A0376754 |r 2005-01-02 00:00:00 |t č. 1-10 |w 2026-02-21 |y PREZ | ||
| 952 | |0 0 |1 1 |4 0 |7 0 |a SNK |b SNK |d 2003-03-10 |l 0 |o snkČB 400/9/1954 |p 17A0376674 |r 2005-01-02 00:00:00 |t č. 1-10 |w 2026-02-21 |y PREZ | ||
| 952 | |0 0 |1 1 |4 0 |7 0 |a SNK |b SNK |d 2003-03-10 |l 0 |o snkČB 400/11/1956 |p 17A0376844 |r 2005-01-02 00:00:00 |t č. 1-10 |w 2026-02-21 |y PREZ | ||
| 952 | |0 0 |1 1 |4 0 |7 0 |a SNK |b SNK |d 2003-03-10 |l 0 |o snkČB 400/12/1957 |p 17A0376758 |r 2005-01-02 00:00:00 |t č. 1-10 |w 2026-02-21 |y PREZ | ||
| 952 | |0 0 |1 1 |4 0 |7 0 |a SNK |b SNK |d 2003-03-10 |l 0 |o snkČB 400/18/1958 |p 17A0376845 |r 2005-01-02 00:00:00 |t č. 1-10 |w 2026-02-21 |y PREZ | ||
| 952 | |0 0 |1 1 |4 0 |7 0 |a SNK |b SNK |d 2003-03-10 |l 0 |o snkČB 400/16/1961 |p 17A0376755 |r 2005-01-02 00:00:00 |t č. 1-10 |w 2026-02-21 |y PREZ | ||
| 952 | |0 0 |1 1 |4 0 |7 0 |a SNK |b SNK |d 2003-03-10 |l 0 |o snkČB 400/37/1982 |p 17A0376759 |r 2005-01-02 00:00:00 |t č. 1-10 |w 2026-02-21 |y PREZ | ||
| 952 | |0 0 |1 1 |4 0 |7 0 |a SNK |b SNK |d 2003-03-10 |l 0 |o snkČB 400/38/1983 |p 17A0376757 |r 2005-01-02 00:00:00 |t č. 1-10 |w 2026-02-21 |y PREZ | ||
| 952 | |0 0 |1 1 |4 0 |7 0 |a SNK |b SNK |d 2003-03-10 |l 0 |o snkČB 400/39/1984 |p 17A0376761 |r 2005-01-02 00:00:00 |t č. 1-10 |w 2026-02-21 |y PREZ | ||
| 952 | |0 0 |1 1 |4 0 |7 0 |a SNK |b SNK |d 2003-03-10 |l 0 |o snkČB 400/40/1985 |p 17A0376762 |r 2005-01-02 00:00:00 |t č. 1-10 |w 2026-02-21 |y PREZ | ||
| 952 | |0 0 |1 1 |4 0 |7 0 |a SNK |b SNK |d 2003-03-10 |l 0 |o snkČB 400/42/1987 |p 17A0376696 |r 2005-01-02 00:00:00 |t č. 1-10 |w 2026-02-21 |y PREZ | ||
| 952 | |0 0 |1 1 |4 0 |7 0 |a SNK |b SNK |d 2003-03-10 |l 0 |o snkČB 400/44/1989 |p 17A0376893 |r 2005-01-02 00:00:00 |t č. 1-10 |w 2026-02-21 |y PREZ | ||
| 952 | |0 0 |1 1 |4 0 |7 0 |a SNK |b SNK |d 2003-03-10 |l 0 |o snkČB 400/46/1990 |p 17A0376763 |r 2005-01-02 00:00:00 |t č. 1-10 |w 2026-02-21 |y PREZ | ||
| 952 | |0 0 |1 1 |4 0 |7 0 |a SNK |b SNK |d 2003-03-10 |l 0 |o snkČB 400/46/1991 |p 17A0376764 |r 2005-01-02 00:00:00 |t č. 1-10 |w 2026-02-21 |y PREZ | ||
| 952 | |0 0 |1 1 |4 0 |7 0 |a SNK |b SNK |d 2003-03-10 |l 0 |o snkČB 400/47/1992 |p 17A0376710 |r 2005-01-02 00:00:00 |t č. 1-10 |w 2026-02-21 |y PREZ | ||
| 952 | |0 0 |1 1 |4 0 |7 0 |a SNK |b SNK |d 1998-07-08 |l 0 |o snkČB 400/41/1986 |p 17A0148309 |r 2005-01-02 00:00:00 |t č. 1-10 |w 2026-02-21 |y PREZ | ||
| 952 | |0 0 |1 1 |4 0 |7 0 |a SNK |b SNK |d 1998-07-08 |l 0 |o snkČB 400/43/1988 |p 17A0148275 |r 2005-01-02 00:00:00 |t č. 1-10 |w 2026-02-21 |y PREZ | ||
| 952 | |0 0 |1 1 |4 0 |7 0 |a SNK |b SNK |d 1998-07-08 |l 0 |o snkČB 400/15/1960 |p 17A0148602 |r 2005-01-02 00:00:00 |t č. 1-10 |w 2026-02-21 |y PREZ | ||
| 952 | |0 0 |1 1 |4 0 |7 0 |a SNK |b SNK |d 2003-01-04 |l 0 |o snkČB 400/8/1952 |p 17A0368439 |r 2005-01-02 00:00:00 |t č. 1-10 |w 2026-02-21 |y PREZ | ||
| 952 | |0 0 |1 1 |4 0 |7 0 |a SNK |b SNK |d 2003-01-04 |l 0 |o snkČB 400/8/1953 |p 17A0368034 |r 2005-01-02 00:00:00 |t č. 1-10 |w 2026-02-21 |y PREZ | ||
| 952 | |0 0 |1 1 |4 0 |7 0 |a SNK |b SNK |d 2003-01-04 |l 0 |o snkČB 400/5/1949-1950 |p 17A0369546 |r 2005-01-02 00:00:00 |t č. 1-10 |w 2026-02-21 |y PREZ | ||
| 952 | |0 0 |1 1 |4 0 |7 0 |a SNK |b SNK |d 2003-01-04 |l 0 |o snkČB 400/18/1963 |p 17A0368548 |r 2005-01-02 00:00:00 |t č. 1-10 |w 2026-02-21 |y PREZ | ||
| 952 | |0 0 |1 1 |4 0 |7 0 |a SNK |b SNK |d 1998-07-08 |l 0 |o snkČB 400/21/1966 |p 17A0148259 |r 2005-01-02 00:00:00 |t č. 1-10 |w 2026-02-21 |y PREZ | ||
| 952 | |0 0 |1 1 |4 0 |7 0 |a SNK |b SNK |d 2002-03-22 |l 0 |o snkČB 400/22/1967 |p 17A0337888 |r 2005-01-02 00:00:00 |t č. 1-10 |w 2026-02-21 |y PREZ | ||
| 952 | |0 0 |1 1 |4 0 |7 0 |a SNK |b SNK |d 2002-03-22 |l 0 |o snkČB 400/24/1969 |p 17A0337887 |r 2005-01-02 00:00:00 |t č. 1-10 |w 2026-02-21 |y PREZ | ||
| 952 | |0 0 |1 1 |4 0 |7 0 |a SNK |b SNK |d 2002-03-27 |l 0 |o snkČB 400/29/1974 |p 17A0337672 |r 2005-01-02 00:00:00 |t č. 1-10 |w 2026-02-21 |y PREZ | ||
| 952 | |0 0 |1 1 |4 0 |7 0 |a SNK |b SNK |d 2003-01-04 |l 0 |o snkČB 400/6/1950-1951 |p 17A0368063 |r 2005-01-02 00:00:00 |t č. 1-10 |w 2026-02-21 |y PREZ | ||
| 952 | |0 0 |1 1 |4 0 |7 0 |a SNK |b SNK |d 2003-03-10 |l 0 |o snkČB 400/36/1981 |p 17A0376760 |r 2005-01-02 00:00:00 |t č. 1-10 |w 2026-02-21 |y PREZ | ||


